STN EN 12619: 2013, (83 4741), Ochrana ovzdušia. Stacionárne zdroje znečisťovania. Meranie hmotnostnej koncentrácie celkového plynného organického uhlíka. Kontinuálna metóda s plameňovo-ionizačným detektorom
Táto norma je slovenskou verziou európskej normy EN 12619: 2013. Preklad zabezpečil Slovenský ústav technickej normalizácie. Má rovnaké postavenie ako majú oficiálne verzie
| Corporate Author: | |
|---|---|
| Other Authors: | , |
| Format: | Book |
| Language: | Slovak English |
| PhysicalDescription: | 24 s. obr., tab. 30 cm |
| Published: |
Bratislava
Slovenský ústav technickej normalizácie
2013
|
| Subjects: |
MARC
| LEADER | 00000cam a2200000 a 4500 | ||
|---|---|---|---|
| 001 | vtls010540878 | ||
| 003 | SK-MaSNL | ||
| 005 | 20260512080745.0 | ||
| 008 | 160430s2013 xo a f u 000 0 slo | ||
| 015 | |a SNBN2013 | ||
| 020 | |c (cen. skup. 4) | ||
| 040 | |a SNK |b slo |c SNK |e AACR2 | ||
| 041 | 1 | |a slo |h eng | |
| 044 | |a xo |c SK | ||
| 046 | |a s |m 201309 (účin.) | ||
| 072 | 7 | |a 502 |x Životné prostredie a jeho ochrana |2 konspekt | |
| 080 | |a 502.171:502.3 |2 2001 | ||
| 080 | |a 006.7/.8 |2 2001 | ||
| 080 | |a (437.6) |2 2001 | ||
| 080 | |a (4) |2 2001 | ||
| 084 | |a 13.040.40 |2 ICS | ||
| 130 | 0 | |a STN 83 4741 (STN EN 12619) |9 547020 | |
| 245 | 1 | 0 | |a STN EN 12619: 2013, (83 4741), Ochrana ovzdušia. Stacionárne zdroje znečisťovania. Meranie hmotnostnej koncentrácie celkového plynného organického uhlíka. Kontinuálna metóda s plameňovo-ionizačným detektorom |
| 246 | 1 | 0 | |a Ochrana ovzdušia |
| 246 | 1 | 0 | |a Stacionárne zdroje znečisťovania |
| 246 | 1 | 0 | |a Meranie hmotnostnej koncentrácie celkového plynného organického uhlíka |
| 246 | 3 | 0 | |a EN 12619: 2013 E |
| 246 | 1 | 0 | |a Kontinuálna metóda s plameňovo-ionizačným detektorom |
| 260 | |a Bratislava |b Slovenský ústav technickej normalizácie |c 2013 | ||
| 300 | |a 24 s. |b obr., tab. |c 30 cm | ||
| 500 | |a Súbežný názov v angličtine, francúzštine, nemčine | ||
| 500 | |a Spracovateľ: OFFUGO Bratislava, Daniela Hrúziková, Dominik Hrúzik | ||
| 500 | |a Táto norma nahrádza STN EN 12619 z novembra 2001 a STN EN 13526 z júna 2003 v celom rozsahu | ||
| 504 | |a Citované normy, súvisiace právne predpisy s. 2 ; literatúra s. 22 | ||
| 520 | 8 | |a Táto norma je slovenskou verziou európskej normy EN 12619: 2013. Preklad zabezpečil Slovenský ústav technickej normalizácie. Má rovnaké postavenie ako majú oficiálne verzie | |
| 540 | |a STN vydané na akomkoľvek nosiči sa môžu rozmnožovať a rozširovať iba so súhlasom určenej právnickej osoby |b SÚTN Bratislava |c zákon 264/1999 Z. z. | ||
| 650 | 0 | 7 | |a ochrana ovzdušia |2 SNKPH |9 31607 |
| 650 | 0 | 7 | |a technické normy a štandardy |z Slovensko |2 SNKPH |9 79594 |
| 650 | 0 | 7 | |a technické normy a štandardy |z krajiny Európskej únie |2 SNKPH |9 289341 |
| 650 | 0 | 7 | |a ochrana životného prostredia |2 SNKPH |9 3352 |
| 650 | 0 | 7 | |a Air quality management |2 SNKPHeng |9 291785 |
| 655 | 7 | |a normy |2 SNKPH |9 70643 | |
| 700 | 1 | |a Hrúziková, Daniela |4 trl |9 174584 | |
| 700 | 1 | |a Hrúzik, Dominik |4 trl |9 10701 | |
| 710 | 2 | |a OFFUGO (Bratislava, Slovensko) |4 trl |9 547021 | |
| 710 | |a Slovenský ústav technickej normalizácie (Bratislava, Slovensko). |b Technická komisia č. 28 Ochrana ovzdušia |4 stn |9 321183 | ||
| 852 | |a Štátna vedecká knižnica v Banskej Bystrici | ||
| 958 | |a OP | ||
| 958 | |a NB | ||
| 999 | |c 839835 |d 841765 | ||
| 952 | |a SNK |b SNK |y PREZ |7 0 |p 17A1082188 |o snkSTN EN 12619 |i snk2013/23090 |8 0 |0 0 |1 0 |4 0 |d 2013-09-30 |l 0 |r 2026-02-24 04:07:26 |w 2026-02-24 | ||
| 952 | |a SNK |b SNK |y PREZ |7 0 |p 17A1082187 |o snkSTN EN 12619 D1 |i snk2013/23091 |8 0 |0 0 |1 0 |4 0 |d 2013-09-30 |l 0 |r 2026-02-24 04:07:26 |w 2026-02-24 | ||


